La Contaminació acústica als municipis : soroll i transport : 24 de febrer de 1994 : jornada 4 soroll i transport :
Descripción Física:
[77] f. : gràf. ; 30 cm
MARC
| LEADER | 00000nam a2200000Ia 4500 | ||
|---|---|---|---|
| 001 | 19336 | ||
| 003 | BGR | ||
| 005 | 20260324180112.0 | ||
| 008 | 160829s1994 xx 000 0 cat d | ||
| 080 | |a C-3-2 | ||
| 111 | |a La Contaminació Acústica als Municipis |9 71341 |c (Barcelona : |d 1994) | ||
| 245 | |a La Contaminació acústica als municipis : |b soroll i transport : |b 24 de febrer de 1994 : |b jornada 4 | ||
| 260 | |a Barcelona : |b Diputació de Barcelona. Servei de Medi Ambient, |c 1994 | ||
| 300 | |a [77] f. : |b gràf. ; |c 30 cm | ||
| 650 | |a Contaminació acústica |x Congressos |9 46407 | ||
| 650 | |a Municipis |x Soroll |x Congressos |9 46418 | ||
| 710 | 1 | |a Barcelona (Catalunya : Província). |b Servei de Medi Ambient |9 53475 | |
| 901 | |a Arxiu | ||
| 942 | |n 1 |2 udc |c JC | ||
| 952 | |0 0 |1 0 |4 0 |6 C32 |7 1 |9 53195 |a Arxiu |b Arxiu |d 2016-12-01 |l 0 |o C-3-2 |p 19336 |r 2016-12-01 00:00:00 |w 2016-12-01 |y ARXIU | ||
| 999 | |c 57044 |d 57044 | ||